90's music guess the artist - Statistics

General Stats
  • This quiz has been taken 1,055 times
  • The average score is 7 of 50
Answer Stats
Hint Answer % Correct
Gangsta's Paradise Coolio
80%
Boombastic Shaggy
60%
Buddy Holly Weezer
55%
Earth Song Michael Jackson
52%
Jumpin' Jumpin' Destiny's Child
42%
Mysterious Girl Peter Andre
39%
Dream Lover Mariah Carey
37%
Waiting For Tonight Jennifer Lopez
30%
Macarena Los Del Rio
28%
Breakfast At Tiffany's Deep Blue Something
22%
Diggin' On You TLC
21%
How Bizarre OMC
20%
Exhale (Shoop Shoop) Whitney Houston
20%
Fairground Simply Red
16%
You'll See Madonna
15%
Hand In My Pocket Alanis Morissette
13%
Music Sounds Better With You Stardust
10%
Right Here SWV
10%
Free As A Bird The Beatles
8%
1st Of Tha Month Bone Thugs N Harmony
7%
Bring It Back Moloko
7%
Boom Boom Boom Outhere Brothers
7%
Itchycoo Park M People
6%
Runaway Janet Jackson
5%
Power Of A Woman Eternal
4%
Before You Walk Out Of My Life Monica
4%
Stayin' Alive N Trance
4%
Heaven For Everyone Queen
4%
You Remind Me Of Something R Kelly
4%
As I Lay Me Down Sophie B Hawkins
4%
Lucky Love Ace Of Base
3%
Brokenhearted Brandy
3%
Anything 3T
2%
Lump The Presidents of the USA
2%
Let's Groove CDB
1%
R To The A CJ Lewis
1%
Throw Your Set In The Air Cypress Hill
1%
Summertime In The LBC Dove Shack
1%
Tell Me Groove Theory
1%
Pretty Girl Jon B
1%
Sexual Healing Max A Million
1%
Miss Sarejevo Passengers
1%
Heaven Help My Heart Tina Arena
1%
I remember Boyz 2 Men
0%
Down In The Boondocks D Faction
0%
Cruisin' Matty J Rhys
0%
Happy MN8
0%
The Way I Feel About You Ngaire
0%
If I Fell Purest Form
0%
Heaven Solo
0%
No matching quizzes found
Score Distribution
Percent of People with Each Score
Percentile by Number Answered
Your Score History
You have not taken this quiz